Devon Earth Building Association: cob and the Building Regulations (Record no. 59792)

MARC details
000 -LEADER
fixed length control field 00955cab a2200277 4500
001 - CONTROL NUMBER
control field ABS56946
008 - FIXED-LENGTH DATA ELEMENTS--GENERAL INFORMATION
fixed length control field 090401t1997 xxu||||| |||| 00| 0 eng d
035 ## - SYSTEM CONTROL NUMBER
System control number (Sirsi) u98394
041 ## - LANGUAGE CODE
Language code of text/sound track or separate title eng
100 ## - MAIN ENTRY--PERSONAL NAME
Personal name Ley, T.
245 ## - TITLE STATEMENT
Title Devon Earth Building Association: cob and the Building Regulations
260 ## - PUBLICATION, DISTRIBUTION, ETC.
Date of publication, distribution, etc. 1997
350 ## - PRICE (NR) (BK AM CF MU VM SE) [OBSOLETE]
Price 0
490 ## - SERIES STATEMENT
Series statement Structural Survey
Volume/sequential designation 15(1) 1997, 42-49(8)
520 ## - SUMMARY, ETC.
Summary, etc. Discusses cobs in relation to the English and Welsh Building Regulations. Presents findings to do with new building, alteration and extension to existing buildings, and the material change of use of cob buildings.
650 ## - SUBJECT ADDED ENTRY--TOPICAL TERM
Topical term or geographic name entry element ALTERATIONS
650 ## - SUBJECT ADDED ENTRY--TOPICAL TERM
Topical term or geographic name entry element BUILDING REGULATIONS
9 (RLIN) 6224
650 ## - SUBJECT ADDED ENTRY--TOPICAL TERM
Topical term or geographic name entry element COB BUILDINGS
650 ## - SUBJECT ADDED ENTRY--TOPICAL TERM
Topical term or geographic name entry element DEVON EARTH BUILDING ASSOCIATION
650 ## - SUBJECT ADDED ENTRY--TOPICAL TERM
Topical term or geographic name entry element EXTENSIONS
650 ## - SUBJECT ADDED ENTRY--TOPICAL TERM
Topical term or geographic name entry element MATERIAL CHANGE OF USE
690 ## - LOCAL SUBJECT ADDED ENTRY--TOPICAL TERM (OCLC, RLIN)
Topical term or geographic name as entry element BUILDING AND CONSTRUCTION-REGULATIONS
700 ## - ADDED ENTRY--PERSONAL NAME
Personal name Widgery, M.
942 ## - ADDED ENTRY ELEMENTS (KOHA)
Suppress in OPAC 0
948 ## - LOCAL PROCESSING INFORMATION (OCLC); SERIES PART DESIGNATOR (RLIN)
c (OCLC) 27/05/1997
Holdings
Withdrawn status Lost status Source of classification or shelving scheme Damaged status Not for loan Home library Current library Shelving location Date acquired Total Checkouts Full call number Barcode Date last seen Copy number Price effective from Koha item type
    Other/Generic Classification Scheme     London London Journal article 11/03/2003   ABS56946 98394-1001 06/08/2019 1 06/08/2019 Journal article